Statystyki dla WYMIEŃ MARKI PAPIEROSÓW

Kliknij tutaj aby rozwiązać quiz!

Ogólne statystyki

  • Ten quiz został rozwiązany 607 razy
    (87 od ostatniego zresetowania)
  • Średni wynik to 5 z 10

Statystyki odpowiedzi

Odpowiedź% Poprawnych
LM
93%
MARLBORO
85%
CAMEL
75%
WINSTON
75%
CHESTERFIELD
71%
LD
47%
PALL MALL
34%
DAVIDOFF
28%
WEST
25%
R-1
3%

Rozkład punktacji

Percentyl według liczby udzielonych odpowiedzi

Procent ludzi z każdym wynikiem

Twoja historia wyników

Nie rozwiązałeś tego quizu od ostatniego zresetowania